Spieler, die Bundesliga gespielt haben Sudden Death - Statistiken

Allgemein
  • Dieses Quiz wurde 149 mal gespielt
  • Das Durchschnittsergebnis liegt bei 11 aus 18
Answers on the Grid
Answers color-coded by a green-red scale on the quiz's grid according to % correct below.
Merino
Dest
Alisson
Joelinton
Güler
Schär
Chiesa
Osimhen
Isak
Zielinski
Carvajal
Asencio
Sørloth
Matip
Martial
Endo
Buendia
Pavlidis
Cunha
Pacho
Cancelo
Luuk de Jong
Fabian Ruiz
Sildillia
Richarlison
Weghorst
Lukebakio
Timber
Van de ven
Calafiori
 
Antwortstatistiken
Antwort % Korrekt
Isak
78%
Matip
74%
Schär
74%
Merino
73%
Weghorst
73%
Joelinton
68%
Lukebakio
68%
Carvajal
67%
Endo
67%
Osimhen
63%
Cunha
60%
Luuk de Jong
60%
Sørloth
57%
Van de ven
56%
Cancelo
54%
Sildillia
48%
Pacho
47%
Buendia
32%
Keine übereinstimmenden Quizze gefunden
Verteilung der Resultate
Anzahl Personen mit jedem Resultat
Perzentil nach korrekt beantworteten Fragen
Ihre Resultats-Entwicklung
Sie haben dieses Quiz noch nicht gespielt